| 000 | 00635nam a2200217Ia 4500 | ||
|---|---|---|---|
| 003 | GCL | ||
| 008 | 140319s9999 xx 000 0 ara d | ||
| 020 | _a8145609977 | ||
| 040 |
_aGCL / _cGCL |
||
| 082 | 0 | 4 |
_aط _b813.02 _bا ط |
| 100 | 1 | _aعصام حمزة | |
| 245 | 1 | 0 |
_aالطبلة العجيبة : _bوقصص اخرى / _cعصام حمزة |
| 700 | 1 | _aايشى، موموكو | |
| 700 | 1 | _aشيميزو، كون | |
| 250 | _aالاولى | ||
| 260 |
_aالقاهرة : _bدار الشروق ، _c2006 |
||
| 300 |
_a ؛ _c21 سم |
||
| 650 | 0 | 4 | _aقصص الاطفال |
| 650 | 0 | 4 | _aكتب الاطفال |
| 942 |
_2ddc _cBK |
||
| 999 |
_c8903 _d8903 |
||